Text book of Mercantile law : (Record no. 5619)

MARC details
000 -LEADER
fixed length control field 00535cam a2200205ua 4500
001 - CONTROL NUMBER
control field 6475
005 - DATE AND TIME OF LATEST TRANSACTION
control field 20260515114045.0
008 - FIXED-LENGTH DATA ELEMENTS--GENERAL INFORMATION
fixed length control field 131212n ii |||gr||||Z||||||eng
020 ## - INTERNATIONAL STANDARD BOOK NUMBER
International Standard Book Number 81-219-0377-7
040 ## - CATALOGING SOURCE
Transcribing agency MAIN
082 ## - DEWEY DECIMAL CLASSIFICATION NUMBER
Classification number 346.065
245 ## - TITLE STATEMENT
Title Text book of Mercantile law :
Remainder of title Commercial law /
Statement of responsibility, etc. By P.P.S. Gogna .
250 ## - EDITION STATEMENT
Edition statement 1st ed.
260 ## - PUBLICATION, DISTRIBUTION, ETC.
Place of publication, distribution, etc. New delhi:
Name of publisher, distributor, etc. S. Chand & Company ltd,
Date of publication, distribution, etc. 1988.
300 ## - PHYSICAL DESCRIPTION
Extent viii,900p.
653 ## - INDEX TERM--UNCONTROLLED
Uncontrolled term Commerce
653 ## - INDEX TERM--UNCONTROLLED
Uncontrolled term Mercantile law
700 ## - ADDED ENTRY--PERSONAL NAME
Personal name Gogna,P.P.S.,
Relator term Author.
942 ## - ADDED ENTRY ELEMENTS (KOHA)
Koha item type Books
Holdings
Withdrawn status Lost status Damaged status Not for loan Home library Current library Shelving location Date acquired Total checkouts Full call number Barcode Date last seen Copy number Price effective from Koha item type
        Naharkatiya College Library Naharkatiya College Library General stacks 09/19/2020   346.065 | GOG 13596 09/19/2020 1 09/19/2020 Books
        Naharkatiya College Library Naharkatiya College Library General stacks 09/19/2020   346.07 | GOG 13597 09/19/2020 3 09/19/2020 Books
        Naharkatiya College Library Naharkatiya College Library General stacks 09/19/2020   346.07 | GOG 13598 09/19/2020 4 09/19/2020 Books
        Naharkatiya College Library Naharkatiya College Library General stacks 09/19/2020   346.07 | GOG 13599 09/19/2020 2 09/19/2020 Books